02114cam a22003018i 45000010009000000050017000090080041000260100017000670200018000840200018001020200018001200400023001380420008001610500019001690820019001881000026002072450061002332630009002943000016003034900036003195040051003555201126004066500034015326500039015666500028016057000044016337760135016772190205020240814132224.0210212s2021 nyu b 001 0 eng  a 2021006884 a9780367442118 a9781032042947 z9781003008354 aDLCbengerdacDLC apcc00aPN 56.B87 202300a809/.93355223 aBurnett, Katharine A.04aThe Routledge companion to literature of the U.S South / a2108 avolumes cm.0 aRoutledge literature companions aIncludes bibliographical references and index. a"The Routledge Companion to Literature and Class offers a comprehensive and fresh assessment of the cultural impact of class in literature, analyzing various innovative, interdisciplinary approaches of textual analysis and intersections of literature, including class subjectivities, mental health, gender and queer studies, critical race theory, quantitative and scientific methods, and transnational perspectives in literary analysis. Utilizing these new methods and interdisciplinary maps from field-defining essayists, students will become aware of ways to bring these elusive texts into their own writing as one of the parallel perspectives through which to view literature. This volume will provide students with an insight into the history of the intersections of class, theory of class and invisibility in literature, and new trends in exploring class in literature. These multidimensional approaches to literature will be a crucial resource for undergraduate and graduate students in becoming familiar with class analysis, and offers seasoned scholars the most significant critical approaches in class studies"-- 0aSocial classes in literature. 0aClass consciousness in literature. 0aLiterature and society.1 aMcMillan, Gloriac(Professor),eeditor.08iOnline version:tThe Routledge companion to literature and classdNew York, NY : Routledge, 2021.z9781003008354w(DLC) 2021006885